Statistics for Films by Year

Click here to take the quiz!

General Stats

  • This quiz has been taken 36 times
  • The average score is 8 of 15

Answer Stats

QuestionAnswer% Correct
When was Steven Spielberg’s ‘Jurassic Park’ released?1993
96%
When was the original ‘Star Wars’ released?1977
92%
When was ‘Avengers: Endgame’ released?2019
75%
When was James Cameron’s ‘Avatar’ released?2009
71%
When was the original ‘King Kong’ released?1933
67%
When was ‘Wizard of Oz’ released?1939
63%
When was Alfred Hitchcock’s ‘Psycho’ released?1960
63%
When was ‘Singin’ in the Rain’ released?1952
54%
When was the Oscar winning, ‘Return of the King’ released?2003
46%
When did John Hurt and Anthony Hopkins star in ‘The Elephant Man?’1980
42%
When did Harrison Ford play Indiana Jones, in ‘Raiders of the Lost Ark?’1981
42%
When was the comedy, ‘The Big Lebowski’ released?1998
42%
When was the first ‘Toy Story’ released?1995
38%
When did Max Schreck play Count Orlock, in ‘Nosferatu?’1922
33%
When did Aykroyd and Belushi Star in ‘Blues Brothers?’1980
25%

Score Distribution

Percentile by Number Answered

Percent of People with Each Score

Your Score History

You have not taken this quiz